Minecraft Swords - Statistics

General Stats
  • This quiz has been taken 332 times
  • The average score is 6 of 6
Answer Stats
Answer % Correct
Iron Sword
99%
Diamond Sword
98%
Gold Sword
97%
Stone Sword
96%
Netherite Sword
95%
Wooden Sword
95%
No matching quizzes found
Score Distribution
Percent of People with Each Score
Percentile by Number Answered
Your Score History
You have not taken this quiz